Traité de cinématique (méchani appliquée aus machines au point de vue géométrique) ou théorie des mécanismes / (Record no. 156768)

MARC details
000 -LEADER
campo de control de longitud fija 00736nam a22001935i 4500
001 - NÚMERO DE CONTROL
campo de control 156768
003 - IDENTIFICADOR DE NÚMERO DE CONTROL
campo de control ES-MaACL
005 - FECHA Y HORA DE LA ÚLTIMA TRANSACCIÓN
campo de control 20250814090809.0
008 - DATOS DE LONGITUD FIJA--INFORMACIÓN GENERAL
campo de control de longitud fija 000214s1849 fr a f |||| | fre d
040 ## - FUENTE DE CATALOGACIÓN
Centro catalogador/agencia de origen CCPB | B
Lengua de catalogación spa
Centro/agencia transcriptor CCPB | B
100 1# - ENTRADA PRINCIPAL--NOMBRE DE PERSONA
Nombre de persona Laboulaye, Charles (
Fechas asociadas al nombre 1813-1886 )
9 (RLIN) 128548
245 10 - MENCIÓN DEL TÍTULO
Título Traité de cinématique (méchani appliquée aus machines au point de vue géométrique) ou théorie des mécanismes /
Mención de responsabilidad, etc. par Ch. Laboulaye.
260 ## - PUBLICACIÓN, DISTRIBUCIÓN, ETC.
Lugar de publicación, distribución, etc. Paris :
Nombre del editor, distribuidor, etc. Librairie scientifique industrielle de L. Matheias,
Fecha de publicación, distribución, etc. 1849.
300 ## - DESCRIPCIÓN FÍSICA
Extensión XXVIII, 452 p. :
Otras características físicas il. ;
Dimensiones 22 cm.
650 #7 - PUNTO DE ACCESO ADICIONAL DE MATERIA--TÉRMINO DE MATERIA
Término de materia o nombre geográfico como elemento de entrada Cinemática
Fuente del encabezamiento o término embne
9 (RLIN) 135770
740 0# - ENTRADA AGREGADA--TÍTULO RELACIONADO/ANALÍTICO NO CONTROLADO
Título relacionado o analítico no controlado Theorie des mecanismes.
852 ## - LOCALIZACIÓN
Ubicación ES-MaACL
Número de control de estantería G-11865
Nota libre -- Enc. hol.
Holdings
Estatus retirado Estado de pérdida Estado de daño No para préstamo Colección Biblioteca de origen Biblioteca actual Ubicación en estantería Fecha de adquisición Fuente de adquisición Total de préstamos Signatura topográfica completa Código de barras Visto por última vez Precio de reemplazo Tipo de ítem Koha
        Libros del s. XIX Biblioteca del Ateneo de Madrid Biblioteca del Ateneo de Madrid Sala Pecera Planta 3 17/01/2008     G-11865 1164014 23/02/2023 23/02/2023 Libro impreso antiguo